| 000 | 005020000a22001930004500 | ||
|---|---|---|---|
| 001 | 004856 | ||
| 003 | MACL | ||
| 005 | 20150818150821.0 | ||
| 008 | 150818b xxu||||| |||| 00| 0 eng d | ||
| 040 |
_aMACL _cMACL |
||
| 041 | _aEnglish | ||
| 082 | _a551/PAH | ||
| 100 |
_aPandey, Mahendra _96086 |
||
| 245 |
_aGlobal Warming And Climate Change _cMahendra Pandey |
||
| 260 |
_aNew Delhi _c2005 _bDominant Publishers & Distributers, |
||
| 350 | _a450 | ||
| 650 |
_aGeology _96006 |
||
| 942 |
_k551 _cBK _2ddc |
||
| 999 |
_c16739 _d16739 |
||